Introduction to information technology /

This book is divided into four parts: Information technology in the business environment; Information technology infrastructure; Applying information technology for competitive advantage; and Developing and managing systems.

সংরক্ষণ করুন:
গ্রন্থ-পঞ্জীর বিবরন
প্রধান লেখক: Turban, Efraim.
অন্যান্য লেখক: Rainer, R. Kelly., Potter, Richard E.
বিন্যাস: গ্রন্থ
ভাষা:English
প্রকাশিত: New York : John Wiley and Sons, 2000.
বিষয়গুলি:
ট্যাগগুলো: ট্যাগ যুক্ত করুন
কোনো ট্যাগ নেই, প্রথমজন হিসাবে ট্যাগ করুন!
Thư viện lưu trữ: Mạng thư viện Đại học Đà Nẵng
LEADER 01248cam a2200373 i 4500
001 000048849
003 8575
005 20051111141627.0
008 010320b2000 vm 000 eng
020 |a 0471170658 
040 |a IRC  |c IRC  |d IRC 
041 0 |a eng 
082 1 4 |a 658.0546  |b TU-E 
100 1 |a Turban, Efraim. 
245 0 0 |a Introduction to information technology /  |c Efraim Turban, R. Kelly Rainer, Richard E. Potter. 
260 |a New York :  |b John Wiley and Sons,  |c 2000. 
300 |a 1 v. (various pagings) :  |b col. ill. ;  |c 25cm. 
520 3 |a This book is divided into four parts: Information technology in the business environment; Information technology infrastructure; Applying information technology for competitive advantage; and Developing and managing systems. 
630 0 4 |a Management. 
630 0 4 |a Information technology. 
650 0 4 |a Management information systems. 
650 0 4 |a Information technology. 
700 1 |a Rainer, R. Kelly. 
700 1 |a Potter, Richard E. 
OWN |a DUT 
999 |a From the UDN01 
TYP |a Monograph 
TYP |a Printed language 
980 |a Mạng thư viện Đại học Đà Nẵng